[Event "Skalica op-B"]
[Site "Skalica"]
[Date "2022.08.23"]
[Round "4"]
[White "Sevcik, Matej"]
[Black "Skrinar, Marek"]
[Result "1-0"]
[WhiteElo "1841"]
[BlackElo "1738"]
[PlyCount "129"]
[EventDate "2022.08.20"]
[EventType "swiss"]
[EventRounds "9"]
[EventCountry "SVK"]
[SourceTitle "CBM 209 Extra"]
[Source "ChessBase"]
[SourceDate "2022.09.30"]
[SourceVersion "1"]
[SourceVersionDate "2022.09.30"]
[SourceQuality "1"]

1. d4 d5 2. c4 e6 3. Nf3 Nf6 4. g3 Be7 5. Bg2 0-0 6. 0-0 a5 7. Qc2 c6 8. Nbd2 b6 9. e4 Bb7 10. e5 Nfd7 11. cxd5 cxd5 12. Re1 Na6 13. a3 Rc8 14. Qd1 Qc7 15. Nf1 b5 16. h4 a4 17. h5 h6 18. Bf4 Qc2 19. Rb1 b4 20. Qxc2 Rxc2 21. Ne3 Rc7 22. axb4 Nxb4 23. Bf1 Ba6 24. Bxa6 Nxa6 25. Re2 Nb4 26. Ra1 Ra8 27. Rd2 Nb6 28. Ne1 Nc4 29. Re2 Nc6 30. Nf3 Rb7 31. Nxc4 dxc4 32. Rc2 a3 33. bxa3 Na5 34. Be3 Rc8 35. Nd2 Rc6 36. Raa2 c3 37. Ne4 Rb3 38. Nc5 Bxc5 39. dxc5 Nb7 40. Bd4 Nxc5 41. Rxc3 Rxc3 42. Bxc3 Nd3 43. Bd4 Rc4 44. Be3 Ra4 45. Kf1 Kf8 46. f4 Ke8 47. Ke2 Nb4 48. Rb2 Nd5 49. Bc5 Rc4 50. Bd6 f6 51. Rb8+ Kd7 52. Rb7+ Ke8 53. Rxg7 Rc2+ 54. Kd3 Rg2 55. Rg6 Kf7 56. Kc4 Rc2+ 57. Kb5 fxe5 58. Bxe5 Rg2 59. a4 Rg1 60. a5 Rb1+ 61. Kc5 Rc1+ 62. Kd6 Nb4 63. Rg7+ Ke8 64. Kxe6 Kf8 65. Rg6 1-0

[Event "SVK-ch U20"]
[Site "Lubovna"]
[Date "2020.08.21"]
[Round "8"]
[White "Skrinar, Marek"]
[Black "Bajnok, Robert"]
[Result "1/2-1/2"]
[WhiteElo "1716"]
[BlackElo "1419"]
[PlyCount "50"]
[EventDate "2020.08.15"]
[EventType "swiss"]
[EventRounds "9"]
[EventCountry "SVK"]
[SourceTitle "EXT 2021"]
[Source "ChessBase"]
[SourceDate "2020.10.23"]
[SourceVersion "1"]
[SourceVersionDate "2020.10.23"]
[SourceQuality "1"]

1. d4 Nf6 2. c4 g6 3. Nf3 Bg7 4. g3 0-0 5. Bg2 d6 6. Nc3 c5 7. Be3 Nbd7 8. Qc1 a6 9. Bh6 Rb8 10. Bxg7 Kxg7 11. a4 Qa5 12. 0-0 Qb4 13. dxc5 Nxc5 14. Nd2 Be6 15. Nd5 Bxd5 16. Bxd5 Nxd5 17. cxd5 Nxa4 18. Nf3 Rfc8 19. Qe3 Rc7 20. Ra3 Nc5 21. Rb1 Qe4 22. Rd1 Qxe3 23. Rxe3 b5 24. Ra1 b4 25. Nd4 Rb6 1/2-1/2

[Event "SVK-ch U20"]
[Site "Lubovna"]
[Date "2020.08.18"]
[Round "5"]
[White "Skrinar, Marek"]
[Black "Rucek, Peter"]
[Result "1/2-1/2"]
[WhiteElo "1716"]
[BlackElo "1794"]
[PlyCount "57"]
[EventDate "2020.08.15"]
[EventType "swiss"]
[EventRounds "9"]
[EventCountry "SVK"]
[SourceTitle "EXT 2021"]
[Source "ChessBase"]
[SourceDate "2020.10.23"]
[SourceVersion "1"]
[SourceVersionDate "2020.10.23"]
[SourceQuality "1"]

1. d4 d5 2. c4 c6 3. Nc3 Nf6 4. cxd5 cxd5 5. Nf3 Nc6 6. Bf4 g6 7. e3 a6 8. a3 Bg7 9. Bd3 0-0 10. 0-0 Nh5 11. Bg3 Nxg3 12. hxg3 e6 13. Qd2 Na5 14. Rab1 Nc4 15. Qe2 b5 16. Ra1 Nd6 17. Nd2 Bb7 18. Rac1 Qb6 19. Nb3 Bc6 20. Nc5 a5 21. a4 b4 22. Nb5 Rfd8 23. Nxd6 Rxd6 24. f4 Rdd8 25. Rc2 Bf8 26. b3 Bxc5 27. Rxc5 Rdc8 28. Rfc1 Bb7 29. Bb5 1/2-1/2

[Event "SVK-ch U20"]
[Site "Lubovna"]
[Date "2020.08.17"]
[Round "3"]
[White "Skrinar, Marek"]
[Black "Panko, Eduard1111"]
[Result "1/2-1/2"]
[WhiteElo "1716"]
[BlackElo "2007"]
[PlyCount "69"]
[EventDate "2020.08.15"]
[EventType "swiss"]
[EventRounds "9"]
[EventCountry "SVK"]
[SourceTitle "EXT 2021"]
[Source "ChessBase"]
[SourceDate "2020.10.23"]
[SourceVersion "1"]
[SourceVersionDate "2020.10.23"]
[SourceQuality "1"]

1. Nf3 e6 2. d4 f5 3. c4 b6 4. g3 Bb7 5. Bg2 Bb4+ 6. Bd2 Bxd2+ 7. Nbxd2 Nf6 8. 0-0 0-0 9. Qc2 Qe7 10. Ne1 Bxg2 11. Kxg2 Nc6 12. e3 g5 13. Nd3 Rf7 14. Rh1 Raf8 15. h4 gxh4 16. Rxh4 Rg7 17. Rah1 Ng4 18. Kf1 Nb4 19. Nxb4 Qxb4 20. Ke2 Qa5 21. a3 Qa6 22. Ke1 Qb7 23. Qd1 b5 24. c5 b4 25. a4 b3 26. Rf1 Rb8 27. Qe2 Nf6 28. e4 Qb4 29. exf5 exf5 30. Qc4+ Rf7 31. Kd1 Qxc4 32. Nxc4 Rb4 33. Ne3 Ne4 34. Nxf5 Rxf5 35. Rxe4 1/2-1/2

[Event "SVK-ch U20"]
[Site "Lubovna"]
[Date "2020.08.15"]
[Round "1"]
[White "Skrinar, Marek"]
[Black "Varga, Lukas"]
[Result "0-1"]
[WhiteElo "1716"]
[BlackElo "2036"]
[PlyCount "108"]
[EventDate "2020.08.15"]
[EventType "swiss"]
[EventRounds "9"]
[EventCountry "SVK"]
[SourceTitle "EXT 2021"]
[Source "ChessBase"]
[SourceDate "2020.10.23"]
[SourceVersion "1"]
[SourceVersionDate "2020.10.23"]
[SourceQuality "1"]

1. d4 Nf6 2. c4 c5 3. d5 b5 4. cxb5 a6 5. bxa6 g6 6. Nc3 Bxa6 7. e4 Bxf1 8. Kxf1 d6 9. g3 Bg7 10. Kg2 Nbd7 11. Nf3 0-0 12. Bf4 Qb6 13. Qd2 Rfb8 14. Rab1 Ng4 15. Qe2 Qa6 16. Qxa6 Rxa6 17. h3 Nge5 18. Nxe5 Nxe5 19. Bxe5 Bxe5 20. Rhc1 Rb4 21. a3 Rb3 22. Rc2 Bxc3 23. Rxc3 Raxa3 24. bxa3 Rxb1 25. Rc4 Rb5 26. Ra4 Kg7 27. Ra7 Kf6 28. f4 Rb2+ 29. Kf3 Rb3+ 30. Kf2 e5 31. Ra6 exf4 32. gxf4 Ke7 33. Ra7+ Ke8 34. Ra6 Rxh3 35. Rxd6 Rxa3 36. Rc6 Ra4 37. Rxc5 Rxe4 38. Kf3 Re7 39. f5 Kd7 40. fxg6 hxg6 41. Ra5 Kd6 42. Kf4 Re1 43. Kg5 Re5+ 44. Kf6 Rf5+ 45. Kg7 g5 46. Kh6 f6 47. Kg6 Rf4 48. Kh5 g4 49. Kh4 f5 50. Kg3 Rf3+ 51. Kg2 Rd3 52. Ra1 Ke5 53. Re1+ Kf4 54. Rf1+ Kg5 0-1